Statistics for US Military Aircraft by Image (Hard)

Click here to take the quiz!

General Stats

  • This quiz has been taken 51 times
  • The average score is 5 of 15

Answer Stats

Answer% Correct
F-15E Strike Eagle
86%
F-35B Lightning II
73%
C-130J Super Hercules
51%
F-4G Wild Weasel IV
43%
F/A-18E Super Hornet
41%
MQ-9 Reaper
38%
F-100D Super Sabre
30%
RQ-4 Global Hawk
30%
EA-6B Prowler
27%
EF-111A Raven
24%
UH-1Y Venom
22%
T-7A Red Hawk
19%
KC-135R Stratotanker
14%
CV-22B Osprey
11%
MH-60M Black Hawk
11%

Score Distribution

Percentile by Number Answered

Percent of People with Each Score

Your Score History

You have not taken this quiz